| 000 | 00631nam a2200193Ia 4500 | ||
|---|---|---|---|
| 999 |
_c149 _d149 |
||
| 008 | 190805s9999||||xx |||||||||||||| ||und|| | ||
| 020 |
_a9789339222864 _cRs. 625.00 |
||
| 040 | _aKO | ||
| 082 | 0 | 4 |
_a658 _bK8377 _223 |
| 100 | 1 | _aKoontz, Harold | |
| 245 | 1 | 0 |
_aEssentials of Management: An International, Innovation and Leadership Perspective / _cHarold Koontz and Heinz Weihrich |
| 250 | _a10th ed. | ||
| 260 |
_aNew Delhi : _bMcGraw Hill Education (India), _c2015, reprinted 2016 |
||
| 300 |
_axxxix, 496 p. _b : ill. _c; 23.5 cm. |
||
| 650 | 0 |
_aManagement _vTextbooks |
|
| 700 | 1 | _aWeihrich, Heinz | |
| 942 | _cBK | ||